100 Biggest Cities in Denmark on a Map - Statistics

General Stats
  • This quiz has been taken 10,714 times
  • The average score is 29 of 100
Answers on the Map
Answers color-coded by a green-red scale on the quiz's map according to % correct below.
 
Answer Stats
Population City % Correct
1,320,629 Copenhagen
99%
277,086 Aarhus
92%
115,908 Aalborg
85%
179,601 Odense
85%
72,168 Esbjerg
67%
51,121 Roskilde
63%
62,586 Randers
59%
57,051 Vejle
55%
8,003 Skagen
54%
60,854 Kolding
52%
47,346 Helsingør
51%
50,039 Herning
50%
59,181 Horsens
50%
13,780 Rønne
47%
41,108 Fredericia
46%
46,179 Silkeborg
46%
40,768 Viborg
46%
37,557 Køge
45%
6,593 Billund
43%
23,296 Frederikshavn
43%
27,801 Sønderborg
43%
15,540 Middelfart
42%
43,440 Næstved
41%
16,770 Nykøbing Falster
41%
9,135 Nykøbing Mors
41%
33,871 Slagelse
41%
27,210 Svendborg
40%
17,175 Nyborg
38%
33,088 Hillerød
37%
8,315 Ribe
35%
7,659 Tønder
35%
16,352 Aabenraa
34%
36,442 Holstebro
34%
25,815 Hjørring
33%
16,370 Kalundborg
33%
9,958 Ringkøbing
33%
13,423 Thisted
33%
22,900 Ringsted
32%
20,599 Skive
32%
28,538 Holbæk
31%
19,185 Skanderborg
31%
22,011 Haderslev
30%
14,647 Korsør
30%
14,437 Grenaa
28%
12,083 Hobro
28%
7,049 Faaborg
27%
15,626 Ikast
27%
7,189 Ebeltoft
26%
12,691 Nakskov
26%
12,005 Vordingborg
26%
16,268 Frederikssund
24%
13,989 Varde
24%
7,980 Sorø
23%
34,248 Taastrup
22%
6,959 Lemvig
21%
10,301 Struer
21%
9,736 Vejen
21%
12,581 Brønderslev
20%
47,487 Hørsholm
20%
7,823 Skjern
20%
20,372 Farum
19%
6,596 Gilleleje
19%
12,237 Odder
19%
7,307 Brande
18%
12,549 Frederiksværk
18%
12,124 Dragør
17%
8,597 Hundested
17%
23,108 Nørresundby
17%
7,504 Vojens
17%
8,320 Aars
16%
8,855 Sæby
16%
20,740 Birkerød
15%
8,288 Helsinge
15%
8,703 Fredensborg
14%
16,687 Solrød Strand
14%
9,754 Grindsted
13%
11,896 Hedensted
13%
16,906 Lillerød
13%
22,030 Ølstykke-Stenløse
13%
7,494 Bjerringbro
12%
11,897 Haslev
11%
9,657 Humlebæk
11%
8,090 Nivå
11%
6,470 Skælskør
11%
8,221 Støvring
11%
7,077 Bramming
10%
8,134 Hadsten
10%
12,250 Hedehusene
10%
10,105 Jyllinge
10%
7,095 Hammel
9%
12,977 Værløse
9%
7,884 Hinnerup
8%
10,425 Lystrup
8%
6,860 Slangerup
8%
19,925 Smørumnedre
8%
7,366 Svenstrup
8%
8,597 Beder-Malling
7%
8,647 Galten
7%
8,165 Hørning
7%
8,197 Løgten
6%
No matching quizzes found
Score Distribution
Percent of People with Each Score
Percentile by Number Answered
Your Score History
You have not taken this quiz